000 00486nam a22001817a 4500
003 NUST - PNEC
005 20170116180817.0
008 150529b xxu||||| |||| 00| 0 eng d
020 _a-
040 _cLIBRARY
082 _a297 USM
100 _93729
_aUsmani, Mohammad Wasil
245 _aMaa : Quran o Sunat ki roshni me
_cMohammad Wasil Usmani
260 _aKarachi:
_bRoyal Book Co.
_cc1979.
300 _a178 p. :
_c22 cm.
650 _93730
_aIslam
_xGeneral
942 _2ddc
_cBK
999 _c63555
_d63555